The bush is still burning: the Christ who makes things happen in our deepest needs / (Record no. 74111)

MARC details
000 -LEADER
fixed length control field 01902nam a22001937a 4500
003 - CONTROL NUMBER IDENTIFIER
control field PILC
005 - DATE AND TIME OF LATEST TRANSACTION
control field 20250804142744.0
008 - FIXED-LENGTH DATA ELEMENTS--GENERAL INFORMATION
fixed length control field 240106b |||||||| |||| 00| 0 eng d
010 ## - LIBRARY OF CONGRESS CONTROL NUMBER
LC control number Acc#48011
020 ## - INTERNATIONAL STANDARD BOOK NUMBER
International Standard Book Number 0849901286
040 ## - CATALOGING SOURCE
Transcribing agency Philippine Baptist Theological Seminary
050 ## - LIBRARY OF CONGRESS CALL NUMBER
Classification number BX 9178.O43
Item number Og1 1980
100 ## - MAIN ENTRY--PERSONAL NAME
Personal name Ogilvie, Lloyd John
Relator term Author
245 ## - TITLE STATEMENT
Title The bush is still burning: the Christ who makes things happen in our deepest needs /
Statement of responsibility, etc. Lloyd John Ogilvie.
264 ## - PRODUCTION, PUBLICATION, DISTRIBUTION, MANUFACTURE, AND COPYRIGHT NOTICE
Place of production, publication, distribution, manufacture Waco, Texas :
Name of producer, publisher, distributor, manufacturer Word Books,
Date of production, publication, distribution, manufacture, or copyright notice ©1980.
300 ## - PHYSICAL DESCRIPTION
Extent 257 pages ;
Dimensions 23 cm.
505 ## - FORMATTED CONTENTS NOTE
Formatted contents note A new God for old struggles: the God who makes things happen -- Someone knows and understands: The Lord knows all about us -- I don't need my fears any more: The false security of many of our fears -- When your heart aches: The hungry heart -- Lord, what is it you want me to do?: Daily guidance of the light of the world -- Love is not blind: To see ourselves and take responsibility -- How do you take pressure?: Learning from Christ to live with pressure -- I've decided to live!: The creative will to live -- Freedom from guilt: The cross and our feelings of guilt -- How to deal with anxiety: Christ and our anxiety -- What are you worried about?: Christ will not fail nor forsake us -- How to overcome insecurity: Insecurity and the assurance of Christ -- The way out of loneliness: Loneliness is more than the absence of people -- Freedom from inhibitions: The truth sets us free -- Our battle with boredom: Experiencing a thrilling life -- Hope in the midst of discouragement: Resurrection living -- Don't miss the joy!: The antidote to grimness -- For things too broke to mend: Broken relations and Christ's reconciliation -- The one great need beneath all our needs: The authority of Jesus -- The gift of disillusionment: Nothing is impossible now -- When it's time to say good-bye: Good grief --
942 ## - ADDED ENTRY ELEMENTS (KOHA)
Source of classification or shelving scheme Library of Congress Classification
Koha item type Circulation Books
Holdings
Withdrawn status Lost status Source of classification or shelving scheme Damaged status Not for loan Home library Current library Shelving location Date acquired Source of acquisition Total Checkouts Full call number Barcode Date last seen Price effective from Koha item type
    Library of Congress Classification     PBTS Library PBTS Library Circulation Section 01/06/2024 Gift   BX 9178.O43 Og1 1980 48011 03/06/2026 01/06/2024 Circulation Books

Philippine Baptist Theological Seminary | 19 Tacay Road, Central Guisad, Baguio City 2600, Philippines